000 00968nam a22003497a 4500
001 2738527
003 OSt
005 20210423060834.0
008 790907s1978 caua 000 0 eng
010 _a 78051057
020 _a0891695133
040 _aDLC
_cDLC
_dDLC
_beng
041 _aeng
043 _apogg---
050 0 0 _aQH198.G3
_bD37
080 _a91
_bD-22
082 0 0 _a596/.09866/5
100 1 _aDarwin, Charles,
_d1809-1882.
240 1 0 _aForgotten world
245 1 0 _aDarwin's Forgotten world.
_c/ by: Reed Books
250 _a1st edition
260 _aLos Angeles
_bReed Books
_c1978.
300 _a176 p.
_bcol. ill.
_c32 cm.
365 _b19.95 usd
500 _a"A Bison book."
650 0 _aNatural history
_zGalápagos Islands
_xPictorial works.
650 0 _aGeography
_9490
653 _aგეოგრაფია
740 _aForgotten world.
906 _a7
_bcbc
_corignew
_d2
_eocip
_f19
_gy-gencatlg
942 _2udc
_cBK
_e1
999 _c1623
_d1623